| 000 | 00560cam a2200181 4500 | ||
|---|---|---|---|
| 001 | ABS61212 | ||
| 008 | 000000n1999 000 0 eng u | ||
| 035 | _a(Sirsi) u101809 | ||
| 100 | _aWye, M. | ||
| 245 | _aHydraulicity in lime mortars. | ||
| 260 | _c1999 | ||
| 490 |
_aContext _v(63) September 1999, 13-14(2) |
||
| 520 | _aDiscusses the use of traditional lime putty, mortars and plasters. Looks at their history, chemistry, reliability, cost and usage. | ||
| 650 | _aLIME | ||
| 650 | _aTRADITIONAL MATERIALS | ||
| 690 | _aCONSERVATION | ||
| 942 | _n0 | ||
| 999 |
_c60922 _d60922 |
||